5 pays ayant la plus grande superficie par continents - Statistiques

Statistiques générales
  • Ce quiz a été pris 360 fois
  • Le résultat moyen est 23 sur 25
Statistiques - réponses
Sperficie km² Réponse % Correct
17 125 191 Russie
100%
9 600 000 Chine
99%
551 695 France
99%
7 692 060 Australie
98%
9 984 670 Canada
97%
9 629 091 États-Unis
97%
3 287 263 Inde
97%
1 964 375 Mexique
96%
270 467 Nouvelle-Zélande
96%
2 381 741 Algérie
95%
8 515 767 Brésil
95%
603 500 Ukraine
95%
510 000 Espagne
94%
2 780 400 Argentine
93%
2 345 409 République démocratique du Congo
93%
1 910 931 Indonésie
89%
2 724 910 Kazakhstan
89%
450 295 Suède
86%
1 861 484 Soudan
84%
462 840 Papouasie-Nouvelle-Guinée
82%
2 149 680 Arabie Saoudite
81%
1 759 540 Libye
81%
18 272 Fidji
79%
1 284 000 Tchad
77%
28 896 Salomon
64%
Aucun quiz correspondant
Distribution des résultats
% des personnes avec chaque résultat
Percentile par nombre de réponses
Votre historique - résultats
Vous n’avez pas pris ce quiz